LDR 00530naa#a2200157#i#450# 001 EN\INFRA-M\bibl\14624 005 20260428124318.2 100 ## _a20250114b2025####ek#y0engy0150####ca 102 ## _aRU 200 1# _aDIGITAL TECHNOLOGIES FOR PREVENTING TRANSPORTATION SAFETY VIOLATIONS ASSOCIATED WITH HUMAN FACTORS _eConference article/thesis 210 1# _aMoscow _cINFRA-M Academic Publishing LLC. _d2025 215 ## _a5 с. 608 ## _aConference article/thesis _2local 700 #1 _aSeslavina _gE. A. 700 #1 _aEvdokimova _gE. N. 856 4# _azh-szf.ru _u